| 000 | 00395nam a22001457a 4500 | ||
|---|---|---|---|
| 082 | _aP-603 | ||
| 100 |
_aAwais Muhammad Butt, Capt _950787 |
||
| 245 | _aSedimentation modeling of tarbela reservoir with SRH-1D | ||
| 260 |
_aRisalpur, _bMCE, _c2015. |
||
| 300 | _a51p. | ||
| 526 |
_a0 _b0 _c0 _dP_603 |
||
| 526 |
_a0 _b0 _c0 _dP_603 |
||
| 700 |
_aSyed Kashif ali shah, Maj _950788 |
||
| 942 |
_2ddc _cBK |
||
| 999 |
_c553540 _d553540 |
||